Solar vector graph (Record no. 189711)

000 -LEADER
fixed length control field 00296nam a22001337a 4500
003 - CONTROL NUMBER IDENTIFIER
control field OSt
005 - DATE AND TIME OF LATEST TRANSACTION
control field 20220729215238.0
008 - FIXED-LENGTH DATA ELEMENTS--GENERAL INFORMATION
fixed length control field 220729b ||||| |||| 00| 0 eng d
040 ## - CATALOGING SOURCE
Transcribing agency AACR2
082 ## - DEWEY DECIMAL CLASSIFICATION NUMBER
Classification number 004 BOP
100 ## - MAIN ENTRY--PERSONAL NAME
Personal name Bopanna C, M
9 (RLIN) 13242
245 ## - TITLE STATEMENT
Title Solar vector graph
942 ## - ADDED ENTRY ELEMENTS (KOHA)
Source of classification or shelving scheme
Koha item type Project Reports
Holdings
Withdrawn status Lost status Source of classification or shelving scheme Damaged status Not for loan Collection code Home library Current library Shelving location Date acquired Total Checkouts Full call number Barcode Date last seen Price effective from Koha item type
          Computer Science and Engineering Central Library Central Library Book Cart 07/29/2022   004 BOP PR844 07/29/2022 07/29/2022 Project Reports

Powered by Koha